| 000 | 00654 a2200229 4500 | ||
|---|---|---|---|
| 001 | sjds | ||
| 003 | sjds | ||
| 005 | 20240604162009.0 | ||
| 008 | 240604b |||||||| |||| 00| 0 spa d | ||
| 020 | _a9780395630778 | ||
| 020 | _a0395630770 | ||
| 040 | _csjds | ||
| 041 | _aspa | ||
| 100 | _aUlibarri, Sabine R. | ||
| 245 |
_aPupurup / _cSabine R. Ulibarr,̕ Ivar da Coll |
||
| 260 |
_aBoston : _bHoughton Mifflin, _c1993 |
||
| 300 |
_a32 pages : _b color illustrations ; _c22 x 28 cm |
||
| 440 | _a Celebremos la literatura | ||
| 500 | _a"Houghton Mifflin programa de lectura"--In logo on cover | ||
| 700 | 1 |
_aColl, Ivar da _eauthor |
|
| 942 | _cBK | ||
| 999 |
_c29705 _d29703 |
||